<?xml version="1.0" encoding="UTF-8"?>
<record
    xmlns:xsi="http://www.w3.org/2001/XMLSchema-instance"
    xsi:schemaLocation="http://www.loc.gov/MARC21/slim http://www.loc.gov/standards/marcxml/schema/MARC21slim.xsd"
    xmlns="http://www.loc.gov/MARC21/slim">

  <leader>00874 aa a2200217   4500</leader>
  <controlfield tag="005">2012012507097.0</controlfield>
  <datafield tag="010" ind1=" " ind2=" ">
    <subfield code="a">B-141580</subfield>
  </datafield>
  <datafield tag="020" ind1=" " ind2=" ">
    <subfield code="a">8172333943</subfield>
    <subfield code="c">450.00</subfield>
  </datafield>
  <datafield tag="035" ind1=" " ind2=" ">
    <subfield code="a">B-141580</subfield>
  </datafield>
  <datafield tag="037" ind1=" " ind2=" ">
    <subfield code="b"> </subfield>
  </datafield>
  <datafield tag="082" ind1=" " ind2=" ">
    <subfield code="a">025.428</subfield>
  </datafield>
  <datafield tag="100" ind1=" " ind2=" ">
    <subfield code="a">&#x92F;&#x93E;&#x926;&#x935;, &#x936;&#x94D;&#x930;&#x940;&#x930;&#x93E;&#x92E;</subfield>
    <subfield code="9">40144</subfield>
  </datafield>
  <datafield tag="245" ind1=" " ind2=" ">
    <subfield code="a">&#x92A;&#x941;&#x938;&#x94D;&#x924;&#x915; &#x932;&#x947;&#x916;&#x915; &#x938;&#x93E;&#x930;&#x923;&#x940;</subfield>
    <subfield code="c">&#x936;&#x94D;&#x930;&#x940;&#x930;&#x93E;&#x92E; &#x92F;&#x93E;&#x926;&#x935;</subfield>
  </datafield>
  <datafield tag="246" ind1=" " ind2=" ">
    <subfield code="a"> </subfield>
    <subfield code="b"> </subfield>
  </datafield>
  <datafield tag="260" ind1=" " ind2=" ">
    <subfield code="a">&#x91C;&#x92F;&#x92A;&#x941;&#x930;</subfield>
    <subfield code="b">&#x938;&#x93E;&#x907;&#x902;&#x91F;&#x93F;&#x92B;&#x93F;&#x915; &#x92A;&#x92C;&#x94D;&#x932;&#x93F;.</subfield>
    <subfield code="c">2005</subfield>
  </datafield>
  <datafield tag="270" ind1=" " ind2=" ">
    <subfield code="a">5-&#x905;, &#x928;&#x94D;&#x92F;&#x942; &#x92A;&#x93E;&#x932;&#x940; &#x930;&#x94B;&#x921;.</subfield>
    <subfield code="b">&#x91C;&#x92F;&#x92A;&#x941;&#x930;</subfield>
    <subfield code="e">342003</subfield>
    <subfield code="k"> </subfield>
  </datafield>
  <datafield tag="300" ind1=" " ind2=" ">
    <subfield code="a">70&#x92A;&#x943;</subfield>
    <subfield code="c">28&#x938;&#x947;&#x92E;&#x940; (&#x938;&#x91C;&#x93F;&#x932;&#x94D;&#x926;)</subfield>
  </datafield>
  <datafield tag="700" ind1=" " ind2=" ">
    <subfield code="a"> </subfield>
    <subfield code="9">40140</subfield>
  </datafield>
  <datafield tag="942" ind1=" " ind2=" ">
    <subfield code="a">dpl</subfield>
    <subfield code="c">HN</subfield>
    <subfield code="k"> </subfield>
    <subfield code="2">ddc</subfield>
    <subfield code="h">025.428</subfield>
    <subfield code="m">&#x92F;&#x93E;&#x926;&#x935;</subfield>
  </datafield>
  <datafield tag="999" ind1=" " ind2=" ">
    <subfield code="c">61485</subfield>
    <subfield code="d">61485</subfield>
  </datafield>
  <datafield tag="952" ind1=" " ind2=" ">
    <subfield code="0">0</subfield>
    <subfield code="1">0</subfield>
    <subfield code="4">0</subfield>
    <subfield code="7">0</subfield>
    <subfield code="8">NFIC</subfield>
    <subfield code="a">ZLS</subfield>
    <subfield code="b">ZLS</subfield>
    <subfield code="d">2012-01-25</subfield>
    <subfield code="g">450.00</subfield>
    <subfield code="l">0</subfield>
    <subfield code="o">025.428 &#x92F;&#x93E;&#x926;&#x935;</subfield>
    <subfield code="p">B-141580</subfield>
    <subfield code="r">2012-01-25 00:00:00</subfield>
    <subfield code="v">450.00</subfield>
    <subfield code="w">2012-01-25</subfield>
    <subfield code="y">HN</subfield>
  </datafield>
</record>
